书目信息 |
| 题名: |
司法理念与裁判方法
|
|
| 作者: | 孔祥俊, 著 | |
| 分册: | ||
| 出版信息: | 北京 法律出版社 2005 |
|
| 页数: | 342页 | |
| 开本: | 23cm | |
| 丛书名: | ||
| 单 册: | ||
| 中图分类: | D926.17 | |
| 科图分类: | ||
| 主题词: | 审判--shen pan--研究--中国 , 法律工作者--fa lv gong zuo zhe--工作经验--中国 | |
| 电子资源: | ||
| ISBN: | 7-5036-5680-8 | |
| 000 | 00872nam0 2200265 450 | |
| 001 | CAL 012005134017 | |
| 005 | 20061122104032.06 | |
| 010 | @a7-5036-5680-8@dCNY 39.00 | |
| 099 | @aCAL 012005134017 | |
| 100 | @a20051124d2005 ekmy0chiy0121 ea | |
| 101 | 0 | @achi |
| 102 | @aCN@b110000 | |
| 200 | 1 | @a司法理念与裁判方法@Asi fa li nian yu cai pan fang fa@d= Judicial philosophy & legal method@f孔祥俊著 |
| 210 | @a北京@c法律出版社@d2005 | |
| 215 | @a342页@c图@d23cm | |
| 300 | @a增强司法能力、提高司法水平推荐读本 | |
| 320 | @a有书目 | |
| 333 | @a国家法官学院高级法官培训用书 | |
| 510 | 1 | @aJudicial philosophy & legal method@zeng |
| 606 | 0 | @a审判@Ashen pan@x研究@y中国 |
| 606 | 0 | @a法律工作者@Afa lv gong zuo zhe@x工作经验@y中国 |
| 690 | @aD926.17@v4 | |
| 701 | 0 | @a孔祥俊,@Akong xiang jun@f1965-@4著 |
| 801 | @aCN@c20061122 | |
| 905 | @a10447@dD926.17@eK772 | |
| 司法理念与裁判方法= Judicial philosophy & legal method/孔祥俊著.-北京:法律出版社,2005 |
| 342页:图;23cm |
| 增强司法能力、提高司法水平推荐读本.-使用对象:国家法官学院高级法官培训用书 |
| ISBN 7-5036-5680-8:CNY 39.00 |
| ● |
| 相关链接 |
|
|
|
正题名:司法理念与裁判方法
索取号:D926.17/K772
 
预约/预借
| 序号 | 登录号 | 条形码 | 馆藏地/架位号 | 状态 | 备注 |
| 1 | 614427 | 206144279 | 社科库509/509社科库 104排2列1层/ [索取号:D926.17/K772] | 在馆 | |
| 2 | 614428 | 206144288 | 社科库509/509社科库 104排2列1层/ [索取号:D926.17/K772] | 在馆 |